000 00730nam a2200265 i 4500
001 C2-0284630
003 PPAK
005 20180728014435.0
008 071205s2006 my a|||| ||||| | may d
020 _a9833408389
040 _aPPAK
_beng
_cPPAK
_erda
082 0 4 _a899.233
_223
090 0 0 _a899.233
_bIKH
_dK
100 0 _aIkhwanul Hakim,
_eauthor
245 1 0 _aSecebis harapan
264 1 _aHulu Langat, Selangor :
_bRinza Resources ,
_c2006
300 _a80 pages :
_billustrations ;
_c18 cm
336 _2rdacontent
_atext
337 _2rdamedia
_aunmediated
338 _2rdacarrier
_avolume
490 1 _aSiri cereka ria remaja
650 1 0 _aMalay fiction.
830 0 _aSiri cereka ria remaja
942 _ddc
_cB
999 _c90567
_d90567